00526nam a2200181Ii 45000010005000000030009000050080041000140400033000550410008000880820016000961000029001122450038001412640072001793000012002513360026002633370028002893380027003177666CO-ViMGA241108s9999||||xx |||||||||||||| ||und|| aCO-ViMGAbspaerdacCO-ViMGA0 aunk04a301.24-J45c1 aCarlos Jiménez Gómez10aColombia en el proceso del cambio 1a[Lugar de publicación no identificado] : Editorial Visión, 1971 avolumen atextbtxt2rdacontent aunmediatedbn2rdamedia avolumebnc2rdacarrier